Responses for show #6810 - Friday, April 4, 2014

Battle of the Decades: The 2000s game 5.

Contestants

Keith Whitener, a research chemist from Washington, D.C.

Maria Wenglinsky, a teacher from Brooklyn, New York

Dan Pawson, a global health consultant from Brooklyn, New York

Jeopardy! Round responses

VIENNA CALLING
STRUCTURES
COMPUTER ABBREVIATIONS
21st CENTURY BOOKS
CELEBRITY REALITY TV
WHAT A "GAL"
    $200 10
Sigmund Freud

Maria
    $200 1
a warehouse

Keith
    $200 17
business

Triple Stumper
    $200 4
Lean In

Keith
    $200 26
Hulk Hogan

Keith
    $200 18
prodigal

Maria
    $400 11
"The Blue Danube"

Dan
    $400 9
a stadium

Maria
    $400 16
(Maria: What is a picture?)

photographic

Maria
Triple Stumper
    $400 5
Sookie

Dan
    $400 30
(Dan: Who is Bana?)
...
(Alex: Who is [*]?)
(Dan: Oh, man! That's what I thought it was!)
(Alex: I can assure you that Celebrity Reality TV will not be a category in the next round of play, which will begin after this.)

Erik Estrada

Dan
Triple Stumper
    $400 22
a legal fiction

Dan
    $600 12
(Maria: What is a Linzer torte?)

Sachertorte

Maria
Triple Stumper
    $600 19
(Dan: What is Biodome?)
...
(Keith: What is Biosphere?)
(Alex: Be more specific.)
(Keith: [*], what is [*]?)

Biosphere 2

DanKeith
    $600 15
denial

Dan
    $600 6
The Time Traveller

Dan
    $600 29
Flavor Flav

Keith
    $600 23
conjugal

Maria
    $800 13
(Gustav) Klimt

Dan
    $800 21
a big tent

Dan
    $800 2
(Keith: What is text?)
...
(Alex: "Text" is the first "t". [*] would have been accepted as the second "t".)

transfer or transport

Keith
Triple Stumper
    $800 7
Malcolm Gladwell

Keith
    $800 28
(Dan: Do I have to? What is [*])
(Alex: Oh, boy, you guys are rough. You and Maria. Geez.)
[laughter]

Keeping Up With The Kardashians?

Dan
    $800 24
anti-fungal

Maria
    $100 14
(Dan: Sorry, Roger. Sorry, Ken.
Can I bid $100?)
...
(Dan: I don't know, but I'm gonna guess. What is...
Who is Paul?)

St. Stephen

Dan
    $1000 20
the Mariinsky

Triple Stumper
    $1000 3
(Keith: What is terms?)

real-time

Keith
Triple Stumper
    $1000 8
(Fareed) Zakaria

Dan
    $1000 27
Vanilla Ice

Keith
    $1000 25
(Maria: What is [*]?)
(Alex: That's right.)
(Maria: Do I have to?)
(Alex: Yeah.)
[laughter and applause]
(Maria: Celebrity Reality TV for $200, please.)

Bengal

Maria

Scores at the first commercial break (after clue 14):

Dan Maria Keith
$3,100 $0 -$600

Scores at the end of the Jeopardy! Round:

Dan Maria Keith
$4,700 $2,200 $1,800

Double Jeopardy! Round responses

SCIENTIST SAYS
(Alex: You have to identify the scientist.)
AFRICAN SETTINGS
(Alex: You have to name the country where each work mainly takes place.)
BALLET BELLES
VIDEO GAMES
THE AGE OF THE ROBBER BARONS
"V" IS IN THE MIDDLE
(Alex: The letter "V" will be in the exact middle of the correct response.)
    $400 25
(Alex: [*] is the scientist.)

Darwin

Keith
    $400 11
Egypt

Maria
    $400 10
Lizzie Borden

Maria
    $400 29
golf

Dan
    $400 16
coke

Keith
    $400 30
brevity

Dan
    $800 8
Oppenheimer

Dan
    $800 12
South Africa

Maria
    $800 7
sisters

Keith
    $800 9
ghosts

Maria
    $7,100 24
(James Buchanan) Duke

Maria
    $800 19
carving

Keith
    $1200 5
Tyson

Dan
    $1200 13
Rwanda

Maria
    $1200 6
Hinduism

Maria
    $1200 28
Candy Crush

Maria
    $1200 23
(J.P.) Morgan

Maria
    $1200 18
(Alex: That's the word!)

oblivious

Dan
    $1600 2
(Keith: Who is Herschel?)

Percival Lowell

Keith
Triple Stumper
    $1600 14
Uganda

Maria
    $1600 4
ChloƩ

Keith
    $1600 27
(Keith: What is Rainbow Six?)
[At the start of Final Jeopardy!, it was determined that Keith's response was an acceptable one, and was credited with a correct response.]

Splinter Cell

Keith
    $1600 17
(Keith: What is
the Smoot-Hawley act?)

the Sherman Antitrust Act

Keith
Triple Stumper
    $5,000 21
(Alex: That's it! Took you no time at all on that one.)

a clairvoyant

Dan
    $2000 1
Schrodinger

Dan
    $2000 15
(Maria: What is Botswana?)
(Alex: No, you took too long.)

Kenya

Maria
Triple Stumper
    $2000 3
CoppƩlia

Triple Stumper
    $2000 26
(Dan: What is Fortress?)

Tower

Dan
Triple Stumper
    $2000 22
Anaconda

Maria
    $2000 20
alleviate

Dan

Scores at the end of the Double Jeopardy! Round:

Dan Maria Keith
$15,700 $18,100 $4,200

[wagering suggestions for these scores]

Final Jeopardy! Round responses

20th CENTURY NOVEL QUOTES
[Dan wears a tiara during the credits chat with Alex.]
KeithWhat is ?
$4,199
DanWhat is Don't get undressed near here?
$3,000
MariaWhat the portrait of a lady?
$15,000
Big Brother is watching you

Final scores:

Dan Maria Keith
$12,700 $3,100 $1
Quarterfinalist 2nd place: $5,000 3rd place: $5,000

Game dynamics:

Coryat scores:

Dan Maria Keith
$12,400 $11,800 $4,200
17 R
(including 1 DD),
4 W
(including 1 DD)
17 R
(including 1 DD),
3 W
13 R,
4 W

Combined Coryat: $28,400

The J! Archive is created by fans, for fans. The Jeopardy! game show and all elements thereof, including but not limited to copyright and trademark thereto, are the property of Jeopardy Productions, Inc. and are protected under law. This website is not affiliated with, sponsored by, or operated by Jeopardy Productions, Inc. Join the discussion at JBoard.tv.